000 00638nam a2200181Ia 4500
008 090124s9999 xx 000 0 und d
082 _b1600
_a1426
100 _aरॉय नलिनीकांत
245 _a सशस्त्र दरवडेखोर शालीमार
250 _a1
260 _c1918
300 _a75+8
600 _aरॉय नलिनीकांत
630 _a सशस्त्र दरवडेखोर शालीमार
700 _aरॉय नलिनीकांत
730 _a सशस्त्र दरवडेखोर शालीमार
942 _cBOOK
999 _c115554
_d115554